LEADER 02227nam a2200385 u 4500 001 000000086462 003 CaOOAMICUS 005 20070226124312.0 008 050929s2005 it h u000 u ita u 020 $a88-213-0577-5 (v.1) 020 $a88-213-0590-2 (v.2) 035 $a11060875 040 $aPUL$bita 041 1 $aita$afre$aspa 245 10$aEmmanuel Mounier :$bpersona e umanesimo relazionale nel centenario della nascita (1905-2005) : atti del convegno di Roma - UPS, 12-14 gennaio 2005 /$ca cura di Mario Toso, Zbigniew Formella, Attilio Danese. 260 $aRoma :$bLAS,$cc2005. 300 $a2 v. :$bfacsim. ;$c23 cm 490 1 $aBiblioteca di scienze religiose ;$v188, 190 505 2 $aTit. del v. 2 : Emmanuel Mounier : persona e umanesimo relazionale, Mounier e oltre nel centenario della nascita (1905-2005). 546 $aTesti in italiano, francese e spagnolo. 600 14$aMounier, Emmanuel,$d1905-1950$xAnniversari, ecc.$0(OLS)http://pul/subject/28856 700 1 $aToso, Mario,$cvesc. di Faenza-Modigliana,$d1950-$0(OLS)http://pul/name/39310 700 1 $aDanese, Attilio.$0(OLS)http://pul/name/21223 700 1 $aFormella, Zbigniew,$cS.D.B.,$d1963-$0(OLS)http://pul/name/56565 830 0$aBiblioteca di scienze religiose (Libreria Ateneo salesiano) ;$v188, 190.$0(OLS)http://pul/title/491 850 $aPUL 852 $aPUL$W1$xSL Religione 2$y84$mTheol A3 188,190$j109795$nBK-PRI$b $qStampati altre collocazioni$B109795$CPULBib$Z2$F109795 $HPUL99720,99722 $81 852 $aPUL$W1$xSL Religione 2$y84$mTheol A3 188,190$j109795$nBK-PRI$b $qStampati altre collocazioni$B109796$CPULBib$Z2$F109796 $HPUL99720,99722 $81 941 1 $a10 983 0$aNuova biblioteca di scienze religiose. 983 0$aBiblioteca di scienze religiose (LAS) 996 $6020$a88-213-0577-5 (v.1)$9(OLS)http://pul/number/114100 996 $6020$a88-213-0590-2 (v.2)$9(OLS)http://pul/number/114101 996 $6245$aEmmanuel Mounier :$bpersona e umanesimo relazionale nel centenario della nascita (1905-2005) : atti del convegno di Roma - UPS, 12-14 gennaio 2005$9(OLS)http://pul/title/112037 996 $6260$aRoma :$bLAS$9(OLS)http://pul/publisher/48069 LEADER 01685nam a2200373 a 4500 001 000000161742 003 CaOOAMICUS 005 20170710085934.0 008 170710s2016 be h b u000 u fre r 020 $a9782503528601* 032 $aLibriCat 040 $aPUL$bita 041 1 $afre$alat$hlat 082 04$a189 100 0 $aGerardus, Cremonensis,$d1114-1187.$0(OLS)http://pul/name/103649 245 13$aLe "De scientiis Alfarabii" de Gérard de Crémone :$bcontribution aux problèmes de l'acculturation au XIIe siècle /$cAlain Galonnier ; préface de Jean Jolivet ; postface de Max Lejbowicz. 260 $aTurnhout :$bBrepols,$c©2016. 300 $a374 p. :$bfacsim. ;$c24 cm. 490 1 $aNutrix ;$v09 504 $aBibliografia: p. 337-360. 546 $aTesto latino a fronte. 650 4$aCultura$xStoria$yEvo medio.$0(OLS)http://pul/subject/15861 700 1 $aLejbowicz, Max.$0(OLS)http://pul/name/103650 700 1 $aJolivet, Jean,$d1925-$0(OLS)http://pul/name/3629 700 1 $aGalonnier, Alain,$d1957-$0(OLS)http://pul/name/25872 830 0$aNutrix ;$v09.$0(OLS)http://pul/title/144161 850 $aPUL 852 $aPUL$W1$xSL Filosofia 3$y81$m189 COLL 2.9$j185722$qDDC 21$B188938$CPULBib$Z2$F188938 $H129966 $81 941 1 $a9 996 $6020$a9782503528601*$9(OLS)http://pul/number/162988 996 $6082$a189$9(OLS)http://pul/classification/439 996 $6245$aLe "De scientiis Alfarabii" de Gérard de Crémone :$bcontribution aux problèmes de l'acculturation au XIIe siècle$9(OLS)http://pul/title/201510 996 $6260$aTurnhout :$bBrepols$9(OLS)http://pul/publisher/47850